Combat sabre laser star wars - Statistiques

Statistiques générales
  • Ce quiz a été pris 3 220 fois
  • Le résultat moyen est 11 sur 14
Statistiques - réponses
Episode Duels Gagnant(s) % Correct
VI Luke VS Darth Vader et L'Empereur Luke
99%
IV Obiwan VS Darth Vader Darth Vader
98%
V Luke VS Darth Vader Darth Vader
98%
I Qui Gon Jinn et Obiwan VS Darth Maul Obiwan
95%
III Obiwan VS Grievous Obiwan
95%
III Anakin VS Obiwan Obiwan
95%
II Anakin et Obiwan VS Dooku Dooku
91%
III Anakin et Obiwan VS Dooku Anakin et Obiwan
84%
III Mace Windu VS Palpatine Palpatine (aidé d'Anakin)
83%
VII Rey VS Kylo Ren Rey
81%
VII Finn VS Kylo Ren Kylo Ren
80%
I Qui Gon Jinn VS Darth Maul Personne
23%
II Yoda VS Dooku Personne
23%
III Yoda VS L'Empereur Personne
23%
Aucun quiz correspondant
Distribution des résultats
% des personnes avec chaque résultat
Percentile par nombre de réponses
Votre historique - résultats
Vous n’avez pas pris ce quiz